Southville International School and Colleges
Your cart is empty.
  • Cart
  • Lists
    Public lists Eva Luna New books Lux_list list_1
    Your lists Log in to create your own lists
  • Log in to your account
  • Your cookies
  • Search history
Southville International School and Colleges
  • Advanced search
  • Recent comments
  • Most popular
  • Libraries

Log in to your account

Log in with GOOGLE


If you do not have an external account, but do have a local account, you can still log in:

  1. Home
  2. MARC view: How families work together /
Normal view MARC view ISBD view

How families work together / (Record no. 39782)

[ view plain ]
MARC details
000 -LEADER
fixed length control field 01112nam a2200265 a 4500
003 - CONTROL NUMBER IDENTIFIER
control field SISC
005 - DATE AND TIME OF LATEST TRANSACTION
control field 20170126085836.0
008 - FIXED-LENGTH DATA ELEMENTS--GENERAL INFORMATION
fixed length control field 121030s19uu xx 00 eng d
020 ## - INTERNATIONAL STANDARD BOOK NUMBER
International Standard Book Number 9780230111028
050 ## - LIBRARY OF CONGRESS CALL NUMBER
Classification number HD 62.25
Item number .W45 2011
100 ## - MAIN ENTRY--PERSONAL NAME
Personal name Whiteside, Mary F.
245 ## - TITLE STATEMENT
Title How families work together /
Statement of responsibility, etc Mary F. Whiteside, with Craig E. Aronoff and John L. Ward.
250 ## - EDITION STATEMENT
Edition statement 1st Palgrave Macmillan edition.
260 ## - PUBLICATION, DISTRIBUTION, ETC. (IMPRINT)
Place of publication, distribution, etc New York, United States :
Name of publisher, distributor, etc Palgrave Macmillan,
Date of publication, distribution, etc 2011.
300 ## - PHYSICAL DESCRIPTION
Extent viii, 91 pages :
Other physical details illustrations ;
Dimensions 22 cm.
440 ## - SERIES STATEMENT/ADDED ENTRY--TITLE
Title Family business leadership series.
500 ## - GENERAL NOTE
General note Includes index.
520 ## - SUMMARY, ETC.
Summary, etc Through an investigative look at familial interactions, the authors highlight normal conflicts, criticisms, and communications failures that are a part of the family experience as well as their effects on working relationships within the enterprise
650 ## - SUBJECT ADDED ENTRY--TOPICAL TERM
Topical term or geographic name as entry element Family-owned business enterprises
General subdivision Management.
650 ## - SUBJECT ADDED ENTRY--TOPICAL TERM
Topical term or geographic name as entry element Family corporations
General subdivision Management.
700 ## - ADDED ENTRY--PERSONAL NAME
Personal name Aronoff, Craig E.
700 ## - ADDED ENTRY--PERSONAL NAME
Personal name Ward, John L.
942 ## - ADDED ENTRY ELEMENTS (KOHA)
Koha item type Books
Source of classification or shelving scheme Library of Congress Classification
Call number prefix Foreign
Holdings
Withdrawn status Lost status Source of classification or shelving scheme Damaged status Home library Current library Shelving location Date acquired Source of acquisition Cost, normal purchase price Total Checkouts Full call number Barcode Date last seen Copy number Price effective from Koha item type
    Library of Congress Classification   College Library College Library General Circulation Section 10/30/2012 Donation 2311.00   HD 62.25 .W45 2011 C15492 10/30/2014 1 10/18/2013 Books

How families work together /

APA

Whiteside M. F., Aronoff C. E. & Ward J. L. (2011). How families work together. New York, United States: Palgrave Macmillan.

Chicago

Whiteside Mary F, Aronoff Craig E and Ward John L. 2011. How families work together. New York, United States: Palgrave Macmillan.

Harvard

Whiteside M. F., Aronoff C. E. and Ward J. L. (2011). How families work together. New York, United States: Palgrave Macmillan.

MLA

Whiteside Mary F, Aronoff Craig E and Ward John L. How families work together. New York, United States: Palgrave Macmillan. 2011.

  • Place hold
  • Print
  • Cite
  • Add to your cart (remove)
  • Save record
    BIBTEX Dublin Core MARCXML MARC (non-Unicode/MARC-8) MARC (Unicode/UTF-8) MARC (Unicode/UTF-8, Standard) MODS (XML) RIS
  • More searches
    Search for this title in:
    Other Libraries (WorldCat) Other Databases (Google Scholar) Online Stores (Bookfinder.com) Open Library (openlibrary.org)

Exporting to Dublin Core...

SOUTHVILLE LIBRARY

Southville International School and Colleges Library

1281 Tropical Ave. Cor. Luxembourg St., BF Homes International, Las Pinas City

Tel. No. 8256374 / 252358 Loc. 117/146

Powered by Koha